| 000 | 00657pam a2200241 a 4500 | ||
|---|---|---|---|
| 008 | |||
| 020 | _a033346334X (pbk.) | ||
| 049 | _aMAIN | ||
| 090 |
_aQC355.2 _bBEY |
||
| 100 | 1 | _aBeynon, J.H. | |
| 245 | 1 | 0 |
_aWork out waves and optics / _cJ. Beynon. |
| 260 |
_aBasingstoke : _bMacmillan, _c1988. |
||
| 300 |
_ax, 157 p. : _bill. ; _c30 cm. |
||
| 490 | 0 | _aMacmillan work out series | |
| 500 | _aIncludes index. | ||
| 504 | _aBibliography: p. 153. | ||
| 650 | 0 | _aOptics. | |
| 907 |
_a.b10043196 _b17-09-12 _c17-04-03 |
||
| 003 | |||
| 005 | 20230123134342.0 | ||
| 040 | _cNUST | ||
| 942 |
_cBOOKS _kQC355.2 _mBEY |
||
| 999 |
_c164410 _d164410 |
||